| 000 | 00000nam 2200000za 4500 |
| 001 | 9.846767 |
| 003 | CaOODSP |
| 005 | 20221107153300 |
| 007 | cr ||||||||||| |
| 008 | 171107s1962 oncd obs f000 0 eng d |
| 040 | |aCaOODSP|beng |
| 043 | |an-cn--- |
| 086 | 1 |aCS62-520/1962E-PDF |
| 245 | 00|aPrice indexes of highway construction in Canada, base-weighted and current-weighted (1956=100) |h[electronic resource] / |cDominion Bureau of Statistics, Prices Division, Farm Prices Section. |
| 260 | |aOttawa : |bRoger Duhamel, Queen's Printer, |c1962. |
| 300 | |a31 p. : |bcharts |
| 490 | 1 |aReference paper |
| 500 | |aCover title. |
| 500 | |a"September 1962." |
| 500 | |aDigitized edition from print [produced by Statistics Canada]. |
| 504 | |aIncludes bibliographical references. |
| 520 | |a“This publication introduces a new series of annual price indexes which measure the movement through time of prices paid by provincial and federal governments for highway construction done under contract. Both base-weighted and current-weighted indexes are presented herein for the period 1956 to 1959. The highway indexes represent an important extension to an area not previously covered by price statistics. While compromise is an unavoidable component of price indexes it is noteworthy that in this series one major corn-promise which is common to most price Indexes of construction work has been avoided. The bid prices which are indexed represent the prices paid for units of work put in place. This is unlike the usual input type index upon which it is so often necessary to rely, wherein labour and material prices must be used to represent, as best they can, in-place prices"--Preface, p. [3]. |
| 530 | |aIssued also in print format. |
| 692 | 07|2gccst|aRoad construction |
| 692 | 07|2gccst|aPrices |
| 692 | 07|2gccst|aStatistics |
| 692 | 07|2gccst|aPrice indexes |
| 710 | 1 |aCanada. |bDominion Bureau of Statistics. |
| 710 | 1 |aCanada.|bFarm Prices Section. |
| 830 | #0|aReference paper (Canada. Dominion Bureau of Statistics)|w(CaOODSP)9.820711 |
| 856 | 40|qPDF|s3.59 MB|uhttps://publications.gc.ca/collections/collection_2017/statcan/CS62-520-1962-eng.pdf |
| 986 | |a62-520 |